Los astronautas de Yavé / (Registro nro. 3543)

Detalles MARC
000 -LEADER
fixed length control field 02248nam a2200301Ia 4500
003 - CONTROL NUMBER IDENTIFIER
control field OSt
005 - DATE AND TIME OF LATEST TRANSACTION
control field 20200317165139.0
008 - FIXED-LENGTH DATA ELEMENTS--GENERAL INFORMATION
fixed length control field 191128s1989 ck a gr 001 0 spa d
020 ## - INTERNATIONAL STANDARD BOOK NUMBER
International Standard Book Number 9582801646
040 ## - CATALOGING SOURCE
Original cataloging agency CO-JMCR
Transcribing agency CO-JMCR
041 0# - LANGUAGE CODE
Language code of text/sound track or separate title spa
082 04 - DEWEY DECIMAL CLASSIFICATION NUMBER
Classification number 232 /
Item number B467a
100 1# - MAIN ENTRY--PERSONAL NAME
Personal name Benítez, J. J.,
Relator term autor
9 (RLIN) 1644
245 10 - TITLE STATEMENT
Title Los astronautas de Yavé /
Statement of responsibility, etc. J.J. Benítez ; ilustraciones de F. Gnot
260 ## - PUBLICATION, DISTRIBUTION, ETC.
Place of publication, distribution, etc. Bogotá :
Name of publisher, distributor, etc. Planeta,
Date of publication, distribution, etc. 1989
300 ## - PHYSICAL DESCRIPTION
Extent 350 páginas :
Other physical details ilustraciones a blanco y negro ;
Dimensions 20 cm.
490 0# - SERIES STATEMENT
Series statement Circulo de Lectores
500 ## - GENERAL NOTE
General note Incluye notas a pie de página.
500 ## - GENERAL NOTE
General note Incluye índice onomástico
505 0# - FORMATTED CONTENTS NOTE
Formatted contents note Los asombrosos y desconocidos evangelios apócrifos -- Los evangelistas "titulados" y los "intrusos" -- Los "abuelos" de Jesús: una familia adinerada -- Tres horas de terror -- El no menos misterioso embarazo de la "abuela" de Jesús -- Tres años de lactancia -- El "equipo" atento a la niñez de María -- Una alimentación especial -- La complicada elección de un esposo para María -- Los "micrófonos" de Yavé -- Una "nube" que ha sido vista por nuestros pilotos -- Moisés: cuarenta días de "entrenamiento" -- Una delicadísima "misión" -- Los astronautas preparan el éxodo -- Dos matanzas muy poco claras... -- Los "astronautas" perdieron la paciencia -- La anunciación: ¿un doble encuentro con los "astronautas"? -- ¿Una concepción virginal "controlada"? --José y María, sometidos a juicio -- "Apariciones en sueños" y mucho más -- Antes del parto: ¿paralización total de la zona? -- La cueva, permanentemente iluminada -- Una nave les guió desde Persia -- "Radiografía" de la llamada estrella de Belén -- Los "astronautas" hoy
520 ## - SUMMARY, ETC.
Summary, etc. En esta obra el autor nos revela un sinfín de detalles y circunstancias que rodearon la preparación y el propio nacimiento de Jesús y que la Iglesia no ha podido dar a conocer hasta ahora. ¿Quién podía sospechar que Jesús no nació realmente en la aldea?
650 14 - SUBJECT ADDED ENTRY--TOPICAL TERM
Topical term or geographic name entry element Religión en la literatura
9 (RLIN) 1645
650 14 - SUBJECT ADDED ENTRY--TOPICAL TERM
Topical term or geographic name entry element Natividad de Jesucristo
9 (RLIN) 1646
650 14 - SUBJECT ADDED ENTRY--TOPICAL TERM
Topical term or geographic name entry element Virgen María
General subdivision novela
9 (RLIN) 1647
650 14 - SUBJECT ADDED ENTRY--TOPICAL TERM
Topical term or geographic name entry element Religión en la literatura
9 (RLIN) 1645
700 1# - ADDED ENTRY--PERSONAL NAME
Personal name F. Gnot,
Relator term Ilustrador
9 (RLIN) 1648
942 ## - ADDED ENTRY ELEMENTS (KOHA)
Source of classification or shelving scheme Dewey Decimal Classification
Koha item type Books
Existencias
Withdrawn status Lost status Source of classification or shelving scheme Damaged status Not for loan Collection code Home library Current library Date acquired Source of acquisition Cost, normal purchase price Full call number Barcode Date last seen Copy number Price effective from Koha item type
    Dewey Decimal Classification     Non-fiction Biblioteca Pública José María del Castillo y Rada Biblioteca Pública José María del Castillo y Rada 07/05/2018 Donación 0.00 232 / B467a 201807405 05/16/2024 Ej.1 11/28/2019 Books